Score 0/24 Timer 03:00
0 Plays Today
% Correct
▪DYE▪
95.2%
▪EGG▪
95.1%
▪JELLY▪
91.7%
AYE
90.5%
BELLY
86.7%
▪EASTER▪
84.5%
HOLD
83.8%
▪HOLY▪
79.4%
EGO
77.8%
AGE
77.2%
AGO
75.7%
▪WEEK▪
74.3%
% Correct
MASTER
73.4%
BELTS
72%
BELLS
70.8%
WEED
70.1%
BEATS
67.8%
▪BASKET▪
64.1%
HOED
63.8%
HEED
61.1%
MASKED
57.9%
BASKED
57.5%
MASTED
56%
▪BEANS▪
34.2%

Today's Daily Dose

Remove Ads.
Support Sporcle.
Get the best of Sporcle when you Go Orange. This ad-free experience offers more features, more stats, and more fun while also helping to support Sporcle. Thank you for becoming a member.

You're not logged in!

Compare scores with friends on all Sporcle quizzes.
OR
Log In

Show Comments

Extras

Top Quizzes Today


Score Distribution

Your Account Isn't Verified!

In order to create a playlist on Sporcle, you need to verify the email address you used during registration. Go to your Sporcle Settings to finish the process.

Report this User

Report this user for behavior that violates our Community Guidelines.

Details: